000 02062cam a22003374a 4500
001 16193715
003 OSt
005 20240618094935.0
008 100419s2009 enka 000 0 eng
010 _a 2010292647
015 _aGBA991025
_2bnb
016 7 _a015371310
_2Uk
020 _a9780521513616 (hbk.)
020 _a0521513618 (hbk.)
020 _a9780521735063 (pbk.)
020 _a0521735068 (pbk.)
035 _a(OCoLC)ocn437083029
040 _aUKM
_cUKM
_dRSA
_dDLC
042 _alccopycat
082 0 4 _a509.2 LOE 2010
100 1 _aLoehle, Craig,
_cPh. D.
_917413
245 1 0 _aBecoming a successful scientist :
_bstrategic thinking for scientific discovery /
_cCraig Loehle.
260 _aCambridge ;
_aNew York :
_bCambridge University Press,
_c2009.
300 _aviii, 249 p. :
_bill. ;
_c24 cm.
520 2 _a"Scientific research requires both innovation and attention to detail, clever breakthroughs and routine procedures. This indispensable guide gives students and researchers across all scientific disciplines practical advice on how to succeed. All types of scientific careers are discussed, from those in industry and academia to consulting, with emphasis on how scientists spend their time and the skills that are needed to be productive. Strategic thinking, creativity and problem-solving, the central keys to success in research, are all explored. The reader is shown how to enhance the creative process in science, how one goes about making discoveries, putting together the solution to a complex problem and then testing the solution obtained. The social dimension of science is also discussed from the development and execution of a scientific research program to publishing papers, as well as issues of ethics and science policy." --NHBS Environment Bookstore.
650 0 _aScience
_xVocational guidance.
_917414
650 0 _aResearch
_xManagement.
_917415
906 _a7
_bcbc
_ccopycat
_d2
_encip
_f20
_gy-gencatlg
942 _2ddc
_cO_SHELF
999 _c8589
_d8589